30 personnages de Stranger Things en images - Statistiques

Statistiques générales
  • Ce quiz a été pris 615 fois
  • Le résultat moyen est 25 sur 30
Statistiques - réponses
Par images Réponse % Correct
Jane
100%
Mike Wheeler
99%
Will Byers
99%
Dustin Henderson
98%
Lucas Sinclair
98%
Max Mayfield
98%
Steve Harrington
98%
Billy
97%
Jim Hopper
97%
Nancy Wheeler
97%
Joyce Byers
96%
Robin Buckley
95%
Jonathan Byers
94%
Erica Sinclair
93%
Henry Creel
93%
Holly Wheeler
93%
Bob Newby
90%
Eddie Munson
85%
Suzie
84%
Demogorgon
82%
Murray Bauman
81%
Karen Wheeler
74%
Kali Prasad
73%
Vicky
70%
Alexei
67%
Martin Brenner
67%
Argyle
52%
Ted Wheeler
42%
Dr Kay
41%
Choubidou
35%
Aucun quiz correspondant
Distribution des résultats
% des personnes avec chaque résultat
Percentile par nombre de réponses
Votre historique - résultats
Vous n’avez pas pris ce quiz